|
|
|
|
| LEADER |
01217Cam#a2200289#a#4500 |
| 001 |
023090 |
| 005 |
20160721160436.0 |
| 008 |
110825s2007||||ag # f#b f000|0#spa#d |
| 040 |
|
|
|a AR-BeUNQ
|
| 082 |
0 |
4 |
|a 379.26
|2 21
|
| 110 |
2 |
|
|a Argentina.
|b Ministerio de Educación, Ciencia y Tecnología.
|
| 245 |
0 |
3 |
|a Evaluación del programa integral de igualdad educativa (PIIE) :
|b resultados
|c Direccion Nacional de Información y Evaluación de la calidad educativa.
|
| 260 |
|
|
|a Buenos Aires :
|b Ministerio de Educación, Ciencia y Tecnología,
|c 2008.
|
| 300 |
|
|
|a 44 p. :
|b gráficos ;
|c 30 cm.
|
| 490 |
1 |
|
|a Documentos de la DINIECE
|
| 500 |
|
|
|a Título tomado de la cubierta.
|
| 504 |
|
|
|a Incluye bibliografía.
|
| 650 |
|
7 |
|a Educación
|2 spines
|
| 650 |
|
7 |
|a Igualdad de oportunidades
|2 spines
|
| 650 |
|
7 |
|a Política educativa
|2 spines
|
| 650 |
|
7 |
|a Pedagogía
|2 spines
|
| 651 |
|
7 |
|a Argentina
|2 spines
|
| 830 |
|
0 |
|a Documentos de la DINIECE (Ministerio de Educación, Ciencia y Tecnología).
|
| 929 |
|
|
|a DONACION
|b DINIECE
|d 0,00
|e 20091128
|f PAT0032796
|g 1452 Exp. 827-0387/98
|j 46837
|
| 929 |
|
|
|a DONACION
|b DINIECE
|d 0,00
|e 20091128
|f PAT0032797
|g 1452 Exp. 827-0387/98
|j 46838
|
| 942 |
|
|
|c LIB
|n 0
|
| 999 |
|
|
|c 21925
|d 97312
|